[Event "Euro Online U2300 Day 2"]
[Site "chess.com INT"]
[Date "2020.05.26"]
[Round "1"]
[White "Boykov, Pavel"]
[Black "Lisin, Egor"]
[Result "1/2-1/2"]
[WhiteElo "1788"]
[BlackElo "1943"]
[WhiteFideId "24299278"]
[BlackFideId "34147257"]
[EventDate "2020.05.26"]

1. e4 d5 2. exd5 Nf6 3. Nc3 Nxd5 4. Nxd5 Qxd5 5. Nf3 e5 6. d3 Bg4 7. Be2 Nc6 8.
Be3 O-O-O 9. h3 Bh5 10. Qd2 f6 11. a3 Kb8 12. O-O Nd4 13. Bxd4 Bxf3 14. Bxf3
Qxd4 15. Rfe1 1/2-1/2

[Event "Euro Online U2300 Day 2"]
[Site "chess.com INT"]
[Date "2020.05.26"]
[Round "1"]
[White "Jeszenszky, Jozsef"]
[Black "Hansen, Carsten"]
[Result "1/2-1/2"]
[BlackTitle "FM"]
[WhiteElo "2099"]
[BlackElo "2270"]
[WhiteFideId "753564"]
[BlackFideId "1400444"]
[EventDate "2020.05.26"]

1. d4 Nf6 2. c4 e6 3. Nc3 Bb4 4. e3 O-O 5. Bd2 b6 6. Nf3 Bb7 7. Bd3 Bxc3 8. Bxc3
Ne4 9. Rc1 f5 10. O-O d6 11. a3 Nd7 12. b4 Nxc3 13. Rxc3 Nf6 14. Nd2 1/2-1/2

[Event "Euro Online U2300 Day 2"]
[Site "chess.com INT"]
[Date "2020.05.26"]
[Round "1"]
[White "Erdogan, Anil Berk"]
[Black "Reshetniak, Vitaliy"]
[Result "1-0"]
[WhiteTitle "CM"]
[WhiteElo "2155"]
[BlackElo "2026"]
[WhiteFideId "6348173"]
[BlackFideId "14125250"]
[EventDate "2020.05.26"]

1. e4 c5 2. Nf3 e6 3. d4 cxd4 4. Nxd4 a6 5. Nc3 b5 6. a3 Bb7 7. g3 d6 8. Bg2 Nf6
9. O-O Qc7 10. f4 Nbd7 11. g4 Nc5 12. Qe2 d5 13. exd5 Bd6 14. g5 Nfd7 15. dxe6
fxe6 16. Nxe6 Nxe6 17. Qxe6+ Be7 18. Nd5 Bxd5 19. Bxd5 Qc5+ 1-0

[Event "Euro Online U2300 Day 2"]
[Site "chess.com INT"]
[Date "2020.05.26"]
[Round "1"]
[White "Berkovich, Mark A"]
[Black "Yelisieiev, Yevhenii"]
[Result "1/2-1/2"]
[WhiteTitle "IM"]
[BlackTitle "IM"]
[WhiteElo "2326"]
[BlackElo "2407"]
[WhiteFideId "2801639"]
[BlackFideId "14139642"]
[EventDate "2020.05.26"]

1. Nf3 d6 2. d4 Nf6 3. g3 Nbd7 4. Bg2 e5 5. O-O Be7 6. c4 O-O 7. Nc3 c6 8. Qc2
Re8 9. c5 exd4 10. cxd6 Bxd6 11. Nxd4 Nc5 12. Rd1 Qe7 13. Nf5 Bxf5 14. Qxf5 Rad8
15. Bg5 Qe5 16. Qxe5 Bxe5 17. Be3 1/2-1/2

[Event "Euro Online U2300 Day 2"]
[Site "chess.com INT"]
[Date "2020.05.26"]
[Round "1"]
[White "Prydun, Andriy"]
[Black "Curtacci, Sergio"]
[Result "1-0"]
[WhiteTitle "FM"]
[WhiteElo "2254"]
[BlackElo "2038"]
[WhiteFideId "14145898"]
[BlackFideId "858048"]
[EventDate "2020.05.26"]

1. d4 Nf6 2. Nc3 d5 3. Bf4 e6 4. Nb5 Na6 5. e3 c6 6. Nc3 Nc7 7. Bd3 Bd6 8. Bg3
b6 9. Qe2 Bb7 10. Nf3 h6 11. e4 dxe4 12. Nxe4 Nxe4 13. Bxe4 Nd5 14. O-O-O Qc7
15. Ne5 O-O-O 16. Qf3 f6 17. Ng6 Rhe8 18. c4 Ne7 19. Nf4 Nf5 20. Nxe6 Nxg3 21.
Nxc7 Rxe4 22. hxg3 Re7 23. Ne6 Rxe6 24. Qf5 1-0

[Event "Euro Online U2300 Day 2"]
[Site "chess.com INT"]
[Date "2020.05.26"]
[Round "1"]
[White "Nikac, Predrag"]
[Black "Papadiamandis, Elliot"]
[Result "0-1"]
[WhiteTitle "IM"]
[BlackTitle "CM"]
[WhiteElo "2313"]
[BlackElo "2269"]
[WhiteFideId "908975"]
[BlackFideId "36074160"]
[EventDate "2020.05.26"]

1. d4 Nf6 2. Bg5 Ne4 3. h4 d5 4. Nd2 Nxd2 5. Qxd2 Nc6 6. e3 a6 7. c3 Bf5 8. Bd3
Bxd3 9. Qxd3 h6 10. Bf4 Qd7 11. Nf3 e6 12. Ne5 Nxe5 13. Bxe5 O-O-O 14. O-O-O f6
15. Bg3 Bd6 16. Bxd6 Qxd6 17. f4 Kb8 18. Qg6 Qe7 19. e4 e5 20. dxe5 fxe5 21.
exd5 exf4 22. Rhe1 Qxh4 23. Re7 Qxe7 0-1

[Event "Euro Online U2300 Day 2"]
[Site "chess.com INT"]
[Date "2020.05.26"]
[Round "1"]
[White "Ruperez Benito, Antonio"]
[Black "Hansch, Karsten"]
[Result "1/2-1/2"]
[WhiteTitle "FM"]
[BlackTitle "FM"]
[WhiteElo "2356"]
[BlackElo "2300"]
[WhiteFideId "22245049"]
[BlackFideId "24692239"]
[EventDate "2020.05.26"]

1. e4 c6 2. Nc3 d5 3. Nf3 dxe4 4. Nxe4 Nf6 5. Ng3 Bg4 6. h3 Bxf3 7. Qxf3 e6 8.
c3 Qd5 9. Be2 Qxf3 10. Bxf3 Bd6 11. d4 Nbd7 12. O-O O-O 13. Rd1 Rad8 14. c4 e5
15. Nf5 Bb8 16. Be3 Rfe8 17. dxe5 Nxe5 18. Be2 g6 19. Ng3 Kg7 20. b3 b6 21. Rxd8
Rxd8 22. Rd1 Rxd1+ 23. Bxd1 Nd3 24. Bf3 c5 25. Ne4 1/2-1/2

[Event "Euro Online U2300 Day 2"]
[Site "chess.com INT"]
[Date "2020.05.26"]
[Round "1"]
[White "Ghukasyan, Siranush"]
[Black "Upero, Jussi"]
[Result "1-0"]
[WhiteTitle "WIM"]
[WhiteElo "2222"]
[BlackElo "2176"]
[WhiteFideId "13300946"]
[BlackFideId "504491"]
[EventDate "2020.05.26"]

1. e4 e5 2. Nf3 Nc6 3. Bb5 a6 4. Ba4 Nf6 5. d4 exd4 6. e5 Ne4 7. O-O Nc5 8. Bb3
Be7 9. Nxd4 Nxd4 10. Qxd4 Nxb3 11. axb3 O-O 12. Bf4 d5 13. exd6 cxd6 14. Nc3 Bf5
15. Qd2 Rc8 16. Rac1 Rc6 17. Nd5 Bf6 18. c3 Be4 19. Rcd1 Be5 20. Nb4 Rc8 21.
Bxe5 dxe5 22. Qe3 Qh4 23. g3 1-0

[Event "Euro Online U2300 Day 2"]
[Site "chess.com INT"]
[Date "2020.05.26"]
[Round "1"]
[White "Deuer, Marius"]
[Black "Tsybulkin, Ivan"]
[Result "0-1"]
[WhiteElo "2122"]
[BlackElo "1814"]
[WhiteFideId "16236432"]
[BlackFideId "34165140"]
[EventDate "2020.05.26"]

1. d4 d5 2. c4 dxc4 3. e4 b5 4. a4 c6 5. axb5 cxb5 6. b3 e5 7. d5 Nf6 8. bxc4
Nxe4 9. cxb5 Bb4+ 10. Nd2 Qxd5 11. Nf3 O-O 12. Qa4 Qc5 0-1

[Event "Euro Online U2300 Day 2"]
[Site "chess.com INT"]
[Date "2020.05.26"]
[Round "1"]
[White "Babiy, Olga"]
[Black "Dalkowski, Rafal"]
[Result "1-0"]
[WhiteTitle "WGM"]
[WhiteElo "2228"]
[BlackElo "1877"]
[WhiteFideId "14117258"]
[BlackFideId "21862460"]
[EventDate "2020.05.26"]

1. e4 c6 2. Nf3 d5 3. Nc3 Bg4 4. h3 Bxf3 5. Qxf3 e6 6. d4 Nf6 7. e5 Nfd7 8. Qg3
c5 9. Be3 cxd4 10. Bxd4 Nc6 11. O-O-O Nxd4 12. Rxd4 a6 13. f4 b5 14. Be2 Rc8 15.
f5 Qc7 16. fxe6 fxe6 17. Bh5+ g6 18. Bxg6+ hxg6 19. Qxg6+ Kd8 20. Qxe6 b4 21.
Rxd5 bxc3 22. Qf6+ Ke8 23. Qg6+ Ke7 24. Rf1 cxb2+ 25. Kb1 Rh6 26. Qf7+ Kd8 27.
Qxf8# 1-0

[Event "Euro Online U2300 Day 2"]
[Site "chess.com INT"]
[Date "2020.05.26"]
[Round "1"]
[White "Hulka, Valentyn"]
[Black "Monteverde, Jonathan"]
[Result "0-1"]
[WhiteElo "1892"]
[BlackElo "2105"]
[WhiteFideId "34107061"]
[BlackFideId "1314580"]
[EventDate "2020.05.26"]

1. e4 e6 2. d4 d5 3. Nd2 Nf6 4. e5 Nfd7 5. Bd3 c5 6. c3 Nc6 7. Ne2 cxd4 8. cxd4
f6 9. exf6 Nxf6 10. Nf3 Bd6 11. O-O Qc7 12. Bg5 O-O 13. Bh4 Nh5 14. Nc3 a6 15.
h3 Nf4 16. Bb1 Bd7 17. Re1 Be8 18. Bg3 Nxh3+ 19. gxh3 Bxg3 20. fxg3 Qxg3+ 21.
Kh1 Rxf3 22. Re2 Qxh3+ 23. Rh2 Rf1+ 24. Qxf1 Qxf1# 0-1

[Event "Euro Online U2300 Day 2"]
[Site "chess.com INT"]
[Date "2020.05.26"]
[Round "1"]
[White "Guliev, Sarhan"]
[Black "Ozenir, Ekin Baris"]
[Result "0-1"]
[WhiteTitle "GM"]
[BlackTitle "IM"]
[WhiteElo "2308"]
[BlackElo "2309"]
[WhiteFideId "13400231"]
[BlackFideId "6357415"]
[EventDate "2020.05.26"]

1. e4 Nc6 2. d4 d5 3. exd5 Qxd5 4. c3 e5 5. dxe5 Qxd1+ 6. Kxd1 Nxe5 7. Bf4 Bd6
8. Nd2 Bg4+ 9. Be2 O-O-O 10. Bxe5 Bxe2+ 11. Nxe2 Bxe5 12. Kc2 Nf6 13. Nc4 Rhe8
14. Nxe5 Rxe5 15. Ng3 Ng4 16. Rhe1 Red5 17. Re2 g6 18. h3 Ne5 19. Ne4 Nc4 20. b3
Nd6 21. c4 Rd4 22. Ng5 h6 23. Nf3 Rf4 24. Rd1 b6 25. Rd3 g5 26. g3 Rf6 27. Ne5
Re8 28. Kd2 Rfe6 29. Ree3 Rxe5 0-1

[Event "Euro Online U2300 Day 2"]
[Site "chess.com INT"]
[Date "2020.05.26"]
[Round "1"]
[White "Giannoulakis, Lampros"]
[Black "Berzina, Ilze"]
[Result "1-0"]
[WhiteTitle "FM"]
[BlackTitle "WGM"]
[WhiteElo "2293"]
[BlackElo "2192"]
[WhiteFideId "4247019"]
[BlackFideId "11601345"]
[EventDate "2020.05.26"]

1. d4 d5 2. c4 c6 3. Nf3 Nf6 4. e3 Bf5 5. Nc3 e6 6. Be2 h6 7. O-O Bd6 8. b3 O-O
9. Bb2 Nbd7 10. Rc1 Rc8 11. Bd3 1-0

[Event "Euro Online U2300 Day 2"]
[Site "chess.com INT"]
[Date "2020.05.26"]
[Round "1"]
[White "Abbasov, Amil1"]
[Black "Schekachikhin, Maksim"]
[Result "1-0"]
[BlackTitle "IM"]
[WhiteElo "2172"]
[BlackElo "2406"]
[WhiteFideId "13402277"]
[BlackFideId "24177830"]
[EventDate "2020.05.26"]

1. e4 d5 2. exd5 Qxd5 3. Nc3 Qd6 4. Nf3 Nf6 5. d4 c6 6. Be2 Bg4 7. O-O Nbd7 8.
Be3 e6 9. Qd2 Qc7 10. a3 Bd6 11. h3 Bh5 12. b4 a6 13. Rab1 O-O 14. a4 Nb6 15. a5
Nbd5 16. Na4 Rad8 17. c4 Nxe3 18. Qxe3 Rfe8 19. Ne5 Bg6 20. Rb2 Bxe5 21. dxe5
Nd7 22. f4 f6 23. exf6 Nxf6 24. Nc5 e5 25. f5 Bf7 26. Rd2 Rd4 27. Rfd1 Bxc4 28.
Rxd4 exd4 29. Bxc4+ 1-0

[Event "Euro Online U2300 Day 2"]
[Site "chess.com INT"]
[Date "2020.05.26"]
[Round "1"]
[White "Dmitrenko, Viktor"]
[Black "Afonasieva, Anna"]
[Result "1-0"]
[WhiteTitle "IM"]
[BlackTitle "WIM"]
[WhiteElo "2456"]
[BlackElo "2274"]
[WhiteFideId "14110270"]
[BlackFideId "24173606"]
[EventDate "2020.05.26"]

1. Nf3 d5 2. d4 Nf6 3. c4 c6 4. Qc2 dxc4 5. e4 b5 6. b3 cxb3 7. axb3 Bb7 8. Bd3
e6 9. Bd2 a6 10. O-O Nbd7 11. Ba5 Qc8 12. Nbd2 c5 13. e5 Nd5 14. Ne4 cxd4 15.
Qd2 Be7 16. Rfe1 Nc3 17. Neg5 h6 18. Nxe6 fxe6 19. Bg6+ Kf8 20. Nxd4 Nd5 21.
Rac1 Nc5 22. b4 Bg5 23. f4 Nxf4 24. Rf1 Ke7 25. Rxf4 Bxf4 26. Nf5+ Kf8 27. Qd6+
Kg8 28. Ne7+ Kf8 29. Nxc8+ Kg8 30. Ne7+ Kf8 31. Rf1 1-0

[Event "Euro Online U2300 Day 2"]
[Site "chess.com INT"]
[Date "2020.05.26"]
[Round "1"]
[White "Tsaknakis, Zisis"]
[Black "Ogloblin, Nikolay"]
[Result "0-1"]
[BlackTitle "IM"]
[WhiteElo "2217"]
[BlackElo "2346"]
[WhiteFideId "4259963"]
[BlackFideId "4139658"]
[EventDate "2020.05.26"]

1. d4 Nf6 2. c4 e6 3. Nc3 Bb4 4. e3 O-O 5. Bd3 d5 6. Nf3 c5 7. O-O dxc4 8. Bxc4
Nbd7 9. Qe2 a6 10. a3 Ba5 11. Rd1 b5 12. Ba2 Qe7 13. Bd2 Bb6 14. dxc5 Nxc5 15.
e4 Bb7 16. e5 Nfe4 17. Nxe4 Nxe4 18. Be3 Bxe3 19. Qxe3 Rfd8 20. h3 Qc5 21. Qxc5
Nxc5 22. Nd4 Na4 23. Rac1 Nxb2 24. Rd2 Nc4 25. Bxc4 bxc4 26. Rxc4 h6 27. Rc7 Be4
28. f3 Bg6 29. Kf2 Rd5 30. f4 Rad8 31. Ke3 Ra5 32. Rc3 Ra4 33. g3 Rd5 34. Nc6
Re4+ 35. Kf3 Rxd2 36. Ne7+ Kh7 37. Nxg6 Red4 38. Nf8+ Kg8 39. Rc8 Rd8 0-1

[Event "Euro Online U2300 Day 2"]
[Site "chess.com INT"]
[Date "2020.05.26"]
[Round "1"]
[White "Karaoglan, Doruk"]
[Black "Samaridis, Konstantinos"]
[Result "1-0"]
[WhiteTitle "CM"]
[WhiteElo "2230"]
[BlackElo "2105"]
[WhiteFideId "6390927"]
[BlackFideId "4262867"]
[EventDate "2020.05.26"]

1. e4 e5 2. Nf3 Nc6 3. Bc4 Nf6 4. d3 Bc5 5. c3 a6 6. Bb3 d6 7. h3 Ba7 8. Nbd2
O-O 9. Nf1 d5 10. Qe2 h6 11. g4 dxe4 12. dxe4 Nh7 13. Ng3 Ng5 14. Nxg5 hxg5 15.
Nf5 g6 16. h4 gxf5 17. gxf5 Kg7 18. hxg5 Rh8 19. Rh6 Rxh6 20. gxh6+ Kh8 21. Qh5
Qf8 22. Bg5 f6 23. Bxf6+ Qxf6 24. Qe8+ Kh7 25. Qg8+ Kxh6 26. Ke2 Qg5 27. Qh8# 1-0

[Event "Euro Online U2300 Day 2"]
[Site "chess.com INT"]
[Date "2020.05.26"]
[Round "1"]
[White "Laux, Dominik"]
[Black "Karacsonyi, Gellert"]
[Result "0-1"]
[BlackTitle "FM"]
[WhiteElo "2009"]
[BlackElo "2292"]
[WhiteFideId "12994219"]
[BlackFideId "764620"]
[EventDate "2020.05.26"]

1. d4 Nf6 2. Bg5 d5 3. e3 g6 4. Bxf6 exf6 5. g3 Bg7 6. Bg2 O-O 7. Ne2 c6 8. Nd2
Nd7 9. c4 dxc4 10. Nxc4 f5 11. O-O Nf6 12. Nc3 Be6 13. Qe2 Re8 14. Rac1 Nd5 15.
Nxd5 Bxd5 16. Rfd1 Qd7 17. b4 Rad8 18. Qc2 h5 19. h4 Bxg2 20. Kxg2 Qd5+ 21. Kg1
Bf6 22. Na5 Rd7 23. Qc4 Qf3 24. b5 Bxh4 25. gxh4 Re4 26. Kf1 Rxe3 27. bxc6 Qh1# 0-1

[Event "Euro Online U2300 Day 2"]
[Site "chess.com INT"]
[Date "2020.05.26"]
[Round "1"]
[White "Misini, Burhanudin"]
[Black "Slizunkov, Dmitry"]
[Result "0-1"]
[WhiteElo "1999"]
[BlackElo "2120"]
[WhiteFideId "4701488"]
[BlackFideId "34185949"]
[EventDate "2020.05.26"]

1. e4 c6 2. d4 d5 3. e5 Bf5 4. h4 h6 5. Bd3 Bxd3 6. Qxd3 e6 7. c3 c5 8. Be3 Nc6
9. a3 Nge7 10. Nf3 Nf5 11. dxc5 a5 12. Bd4 a4 13. Qb5 Qc7 14. g4 Ne7 15. Nbd2
Ra5 16. Qe2 Ng6 17. b4 axb3 18. Nxb3 Ra4 19. Qb5 Ra6 20. O-O Be7 21. h5 Nf4 22.
Be3 g5 23. Bxf4 gxf4 24. Nfd4 Kf8 25. Qe2 Qxe5 26. Qb5 f3 27. Qd3 Rg8 28. Qxf3
Nxd4 29. cxd4 Qxh5 30. Rfe1 Rxg4+ 31. Kf1 Ra4 32. Re5 Rg1+ 33. Ke2 Qxf3+ 34.
Kxf3 Rxa1 35. Nxa1 Rxa3+ 0-1

[Event "Euro Online U2300 Day 2"]
[Site "chess.com INT"]
[Date "2020.05.26"]
[Round "1"]
[White "Sudakova, Irina"]
[Black "Shapiro, David"]
[Result "0-1"]
[WhiteTitle "WGM"]
[BlackTitle "FM"]
[WhiteElo "2288"]
[BlackElo "2392"]
[WhiteFideId "4129903"]
[BlackFideId "24133523"]
[EventDate "2020.05.26"]

1. e4 c6 2. d4 d5 3. e5 Bf5 4. h4 h5 5. c4 e6 6. Nc3 Ne7 7. Bg5 Qb6 8. Qd2 Nd7
9. c5 Qc7 10. Rc1 f6 11. exf6 gxf6 12. Be3 Bg6 13. Nge2 Nf5 14. Nf4 Bf7 15. Bd3
Nxe3 16. fxe3 e5 17. Nfe2 e4 18. Bc2 Rg8 19. Nf4 Bh6 20. Nce2 Rg4 21. b4 Nf8 22.
b5 Ne6 23. g3 Bxf4 24. gxf4 Ng7 25. Ba4 Nf5 26. Kd1 Nxh4 27. Rxh4 Rxh4 28. Kc2
Be6 29. Rg1 Bg4 30. Nc3 Ke7 31. Nd1 Rg8 32. Kb2 Kf7 33. Bb3 Qd7 34. Nc3 Bf3 35.
Rxg8 Kxg8 36. bxc6 bxc6 37. Na4 Qc7 38. Ka3 Rg4 39. Qh2 h4 40. Nc3 Qa5+ 41. Na4
Qe1 42. f5 Qg3 43. Qd2 Qc7 44. Bd1 h3 45. Bxf3 exf3 46. Qf2 Qg3 47. Qb2 f2 48.
Qb7 Qxe3+ 0-1

[Event "Euro Online U2300 Day 2"]
[Site "chess.com INT"]
[Date "2020.05.26"]
[Round "1"]
[White "Reizniece-Ozola, Dana"]
[Black "Tevzadze, Mariam"]
[Result "1-0"]
[WhiteTitle "WGM"]
[WhiteElo "2311"]
[BlackElo "1834"]
[WhiteFideId "11601124"]
[BlackFideId "13605470"]
[EventDate "2020.05.26"]

1. c4 Nf6 2. Nc3 e6 3. e4 e5 4. Nf3 Bb4 5. Nxe5 Qe7 6. Nf3 Bxc3 7. dxc3 Qxe4+ 8.
Be2 O-O 9. O-O d6 10. Bd3 Qg4 11. h3 Qh5 12. Bg5 Nc6 13. Bxf6 gxf6 14. Nd4 Qxd1
15. Raxd1 Ne5 16. Be2 Bd7 17. f4 Nc6 18. Bd3 Rfe8 19. Rfe1 Rxe1+ 20. Rxe1 Re8
21. Rxe8+ Bxe8 22. Nb5 Ne7 23. Nxc7 Bc6 24. Nb5 Bxb5 25. cxb5 h6 26. Kf2 Kf8 27.
Ke3 f5 28. Kd4 Kg7 29. c4 Kf6 30. b4 b6 31. c5 dxc5+ 32. bxc5 bxc5+ 33. Kxc5 Ke6
34. a4 Kd7 35. a5 Kc7 36. b6+ axb6+ 37. axb6+ Kb7 38. Be2 Ng6 39. Bf3+ Kb8 40.
g3 Nf8 41. Kd6 Ne6 42. Ke5 Nf8 43. Kxf5 Nd7 44. b7 Kc7 45. g4 Kd6 46. h4 Ke7 47.
Bc6 Nb8 48. Bb5 f6 49. Kg6 Ke6 50. Kxh6 f5 51. g5 Kf7 52. Kh7 Kf8 53. g6 Ke7 54.
g7 Kf6 55. g8=Q Ke7 56. Qxb8 Kf6 57. Qd6+ Kf7 58. Bc4+ Ke8 59. b8=Q# 1-0

[Event "Euro Online U2300 Day 2"]
[Site "chess.com INT"]
[Date "2020.05.26"]
[Round "1"]
[White "Buksa, Nataliya"]
[Black "Sjoberg, Isak"]
[Result "1-0"]
[WhiteTitle "IM"]
[WhiteElo "2410"]
[BlackElo "2189"]
[WhiteFideId "14123622"]
[BlackFideId "1521640"]
[EventDate "2020.05.26"]

1. d4 Nf6 2. Nc3 d5 3. Bf4 g6 4. e3 Bg7 5. Nf3 O-O 6. h4 c5 7. Be2 Nc6 8. Ne5 h5
9. Qd2 c4 10. f3 a6 11. g4 hxg4 12. Nxg4 Nh5 13. Bh6 Ng3 14. Rg1 Nxe2 15. Nxe2
Bxg4 16. Bxg7 Kxg7 17. Rxg4 Rh8 18. O-O-O e6 19. Rh1 Qf6 20. Nf4 Rh6 21. h5 Ne7
22. Rhg1 Kh8 23. e4 gxh5 24. e5 Qf5 25. Nxd5 hxg4 26. Qxh6+ Qh7 27. Qf6+ 1-0

[Event "Euro Online U2300 Day 2"]
[Site "chess.com INT"]
[Date "2020.05.26"]
[Round "1"]
[White "Podetti, Davide"]
[Black "Zverev, Lev"]
[Result "1/2-1/2"]
[BlackTitle "CM"]
[WhiteElo "2173"]
[BlackElo "2087"]
[WhiteFideId "893617"]
[BlackFideId "24250775"]
[EventDate "2020.05.26"]

1. e4 e5 2. Nf3 Nc6 3. Bb5 a6 4. Ba4 Nf6 5. O-O Be7 6. Re1 b5 7. Bb3 d6 8. h3
Na5 9. c3 Nxb3 10. axb3 O-O 11. d3 h6 12. Nbd2 c5 13. Nf1 Be6 14. Ng3 Qc7 15. d4
cxd4 16. cxd4 Rfc8 17. d5 Bd7 18. Bd2 Qc2 19. Bc3 Qxd1 20. Rexd1 Bf8 21. Ra5
Rcb8 22. b4 Be7 23. Rda1 Bc8 24. Kf1 g6 25. Ke2 Bd8 26. R5a2 Nd7 27. Bd2 h5 28.
Be3 Nb6 29. b3 f5 30. Bxb6 Bxb6 31. exf5 gxf5 32. Nxh5 e4 33. Ng5 Bb7 34. Nf4
Rc8 35. g4 Rf8 36. Nge6 fxg4 37. hxg4 Rxf4 38. Nxf4 Rf8 39. Rxa6 Bxa6 40. Rxa6
Bd4 41. Ne6 Rxf2+ 42. Ke1 Be3 43. g5 Rg2 44. Ra8+ Kf7 45. Rf8+ Kg6 46. Nf4+ Bxf4
47. Rxf4 Rxg5 48. Rxe4 Rxd5 49. Ke2 Re5 50. Kd3 Kf5 51. Rh4 1/2-1/2

[Event "Euro Online U2300 Day 2"]
[Site "chess.com INT"]
[Date "2020.05.26"]
[Round "1"]
[White "Khachatryan, Veronika"]
[Black "Baranow, Sergey"]
[Result "0-1"]
[WhiteElo "1869"]
[BlackElo "2192"]
[WhiteFideId "13310852"]
[BlackFideId "24155055"]
[EventDate "2020.05.26"]

1. d4 d5 2. Nf3 Nf6 3. Bf4 e6 4. e3 Bd6 5. Bg3 O-O 6. Bd3 Ne4 7. Nbd2 f5 8. Bh4
Be7 9. Bxe7 Qxe7 10. c3 Nd7 11. Qe2 c5 12. O-O-O c4 13. Bc2 b5 14. Rhg1 b4 15.
cxb4 Qxb4 16. Nb1 Rb8 17. Bxe4 fxe4 18. Ne1 a5 19. Nc3 Nb6 20. Qc2 Bd7 21. a3
Qd6 22. Kb1 Bc6 23. f3 Qd7 24. Ka1 Na4 25. Rb1 Rb3 26. Nxa4 Bxa4 27. Qe2 Rfb8
28. Nc2 Qd6 29. fxe4 Rd3 30. exd5 exd5 31. e4 dxe4 32. Rgc1 Bxc2 33. Rxc2 Qxd4
34. Rbc1 Rxa3+ 35. Kb1 c3 36. Rd1 Qa4 0-1

[Event "Euro Online U2300 Day 2"]
[Site "chess.com INT"]
[Date "2020.05.26"]
[Round "1"]
[White "Skuhala, Jernej"]
[Black "Zasukhin, Vadim"]
[Result "0-1"]
[WhiteTitle "FM"]
[WhiteElo "2342"]
[BlackElo "2274"]
[WhiteFideId "14605651"]
[BlackFideId "4123450"]
[EventDate "2020.05.26"]

1. e4 e6 2. Nf3 d5 3. Nc3 Nf6 4. e5 Nfd7 5. d4 c5 6. Ne2 cxd4 7. Nexd4 Nc6 8.
Bb5 Qb6 9. O-O Bc5 10. Bxc6 bxc6 11. Nb3 Be7 12. c3 c5 13. Re1 O-O 14. Bg5 Bxg5
15. Nxg5 h6 16. Nf3 c4 17. Nbd4 Qxb2 18. Re3 Nc5 19. Ne1 Bd7 20. Rb1 Qxa2 21.
Ra1 Qb2 22. Rb1 Ba4 23. Nec2 Bxc2 24. Nxc2 Qa2 25. Nb4 Qa4 26. Qd4 Nb3 27. Qg4
a5 28. Rg3 g6 29. Qh4 axb4 30. Qxh6 Qd7 31. h4 bxc3 32. h5 c2 33. Rf1 c1=Q 34.
Rxc1 Nxc1 35. hxg6 Ne2+ 36. Kh2 f5 37. g7 Nxg3 38. Qh8+ Kf7 0-1

[Event "Euro Online U2300 Day 2"]
[Site "chess.com INT"]
[Date "2020.05.26"]
[Round "1"]
[White "Labiano Hernandez, Juan"]
[Black "Averyanov, Grigori"]
[Result "0-1"]
[WhiteElo "2158"]
[BlackElo "2274"]
[WhiteFideId "24556840"]
[BlackFideId "44150288"]
[EventDate "2020.05.26"]

1. e4 c5 2. Nf3 d6 3. d4 cxd4 4. Qxd4 Nc6 5. Bb5 Bd7 6. Bxc6 bxc6 7. c4 Nf6 8.
Nc3 g6 9. O-O Bg7 10. Qd3 O-O 11. b3 h6 12. Bb2 Be6 13. Rad1 Nd7 14. Nd4 Nc5 15.
Qe2 Bd7 16. Kh1 Ne6 17. Nxe6 Bxe6 18. Na4 Qa5 19. Bxg7 Kxg7 20. f4 f6 21. Rfe1
Rad8 22. h3 Bf7 23. e5 dxe5 24. Rxd8 Rxd8 25. fxe5 Rd2 26. exf6+ exf6 27. Qe7
Qg5 28. Rg1 f5 29. Qxa7 f4 30. Qc5 Qf6 31. Rf1 g5 32. Rf2 Rd1+ 33. Kh2 Qa1 34.
g4 Rh1+ 35. Kg2 Qg1+ 36. Kf3 Rxh3+ 37. Ke4 Re3+ 38. Qxe3 fxe3 39. Kxe3 Qxg4 40.
Nc5 Qg3+ 41. Rf3 Qe5+ 42. Ne4 Bg6 0-1

[Event "Euro Online U2300 Day 2"]
[Site "chess.com INT"]
[Date "2020.05.26"]
[Round "1"]
[White "Ibrahimli, Murad"]
[Black "Jakubowska, Anna"]
[Result "1-0"]
[WhiteTitle "IM"]
[BlackTitle "WIM"]
[WhiteElo "2436"]
[BlackElo "2073"]
[WhiteFideId "13410229"]
[BlackFideId "1121952"]
[EventDate "2020.05.26"]

1. d4 d5 2. c4 c6 3. Nf3 Nf6 4. e3 e6 5. Nc3 Nbd7 6. Qc2 Bd6 7. Bd3 O-O 8. O-O
Qe7 9. a3 b6 10. Rb1 Bb7 11. cxd5 exd5 12. b4 Rfe8 13. Qb3 Rac8 14. Bb2 Ba8 15.
Qa4 Nf8 16. Rfe1 Ne4 17. Bxe4 dxe4 18. Nd2 c5 19. bxc5 bxc5 20. d5 f5 21. Nc4
Bb8 22. Red1 Red8 23. Qb3 Kh8 24. Rd2 Ng6 25. Rbd1 Nh4 26. Ne2 Qg5 27. Ng3 f4
28. exf4 Bxf4 29. Ne3 c4 30. Qc3 Rd7 31. Kh1 Re8 32. Qxc4 Bxe3 33. fxe3 Qxe3 34.
Re2 Qf4 35. Rxe4 Qf8 36. Rxe8 Qxe8 37. Qxh4 Rxd5 38. Rg1 Rd2 39. Bxg7+ Kg8 40.
Bc3 Bxg2+ 41. Rxg2 Rd1+ 42. Rg1 Qc6+ 43. Qe4 Rxg1+ 44. Kxg1 Qxc3 45. Qa8+ Kg7
46. Qxa7+ Kg6 47. Qb6+ Kf7 48. Qb7+ Kg8 49. Qd5+ Kg7 50. Qd7+ Kg8 51. a4 h5 52.
Qd5+ Kf8 53. Qf5+ Kg8 54. Qxh5 Qa1+ 55. Kg2 Qxa4 56. Qg6+ Kf8 57. Qf6+ Ke8 58.
Kh3 Qb3 59. Qe5+ Kf8 60. Kg4 Qg8+ 61. Qg5 Qa2 62. h4 Qc2 1-0